Todas as rochas - Statistics

Estatísticas Gerais
  • Esse quiz foi jogado 8 vezes
  • A pontuação média é 5 de 107
Estatísticas das Respostas
Imagem Resposta % Correto
Conglomerado
83%
Arenito
50%
Basalto
33%
Basalto Vesicular
33%
Argilito
17%
Brecha
17%
Calcario Oolitico
17%
Chert
17%
coquina
17%
dacito
17%
Espeleotema
17%
Filito
17%
Granito
17%
Marmore Dolomitíco
17%
Marmore impuro
17%
Pegmatito Granítico
17%
Quartzito Fino
17%
Quartzo Arenito
17%
Riolito
17%
Serpentinito
17%
Aglomerado vulcânico
0%
Andalusita Muscovita Xisto
0%
Anfibolio Gnaisse Bandado
0%
Anfibólio Monzogranito
0%
Anfibolito
0%
Anortosito
0%
Anortosito
0%
Aplito
0%
Ardósia
0%
Arenito conglomerático
0%
Arsenopirita Granada Xisto
0%
Basalto Porfirítico
0%
BIF formação de ferro bandada
0%
Biotita Anfibólio Gnaisse
0%
Biotita Cianita Granada Gnaisse
0%
Biotita Diorito
0%
Biotita Gnaisse
0%
Biotita Granito
0%
Calcário Fino
0%
Calcário Fino Escuro
0%
Carapaça de Vermetídeo
0%
Carbonatito
0%
Carvão
0%
Carvão Lignito
0%
Charnockito Esverdeado
0%
Cianita Estaurolita Granada Mica Xisto
0%
Cianita Granada Biotita Xisto
0%
Clorita Granada Muscovita Xisto
0%
Clorita Talco Xisto
0%
Clorita Xisto
0%
Coquina Silicificada
0%
Cordierita Granada Granulito
0%
Diabasio
0%
Dolomito
0%
Escarnito
0%
Escória Riolitica
0%
Estaurolita Biotita Quartzo Xisto
0%
Estaurolita Granada Muscovita Xisto
0%
Estaurolita Granada Muscovita Xisto
0%
Eudialita Sienito
0%
Evaporito
0%
Folhelho
0%
fonolito
0%
Gabro Alcalino
0%
Gabro médio
0%
Gnaisse dobrado
0%
gnaisse dobrado
0%
Gnaisse Granitíco
0%
Gnaisse Oftalmitíco
0%
Granada Biotita Gnaisse
0%
Granada Biotita Xisto
0%
Granada Granulito
0%
Granada Mica Xisto
0%
Granito Porfirítico
0%
Granulito Alaskitíco
0%
Granulito Charnockitíco
0%
Grauvaque
0%
Hornfels
0%
Kimberlito
0%
Marmore Calcitico
0%
Marmore Calcitico
0%
Metaconglomerado
0%
Meta ortoconglomerado
0%
Milonito
0%
Milonito
0%
Muscovita biotita xisto
0%
Muscovita Quartzito
0%
Muscovita Xisto
0%
Nefelina Sienito
0%
Ortoconglomerado
0%
Peridotito Olivina
0%
Piroxenito
0%
Quartzito
0%
Quartzito maciço
0%
Quartzo arenito vermelho cimentado
0%
Quartzo Xisto
0%
Ritmito
0%
Sienito
0%
Siltito
0%
Siltito Bege
0%
Tonalito
0%
traquito
0%
Tremolitito
0%
Tremolitito
0%
Turfa
0%
UltraMilonito
0%
Vitrófiro negro
0%
Nenhum quiz correspondente encontrado
Distribuição das Pontuações
Porcentagem de Pessoas com Cada Pontuação
Percentil de Números Respondidos
Sua Pontuação Histórica
Você não jogou esse quiz